01323nam a22002654a 4500001000400000003000800004005001700012008004100029020001800070040003100088041001300119082001500132100002400147240004200171245006500213260004700278300002100325520059600346650003200942650001400974650002100988650001101009655002101020655001601041516BR-RjBN20260520090212.0170101s2017 sp 000 f por d a9788550301945 bporaBR-IBIAcBR-IBIAerda1 aporheng a813bD686b1 aDonnelly, Jennifer.10aBeauty and the Beast: Lost in a Book.12aA Bela e a Fera :bperdida em um livro /cJennifer Donnelly. aSão Paulo :bUniverso dos Livros,c2017. a304 p. ;c23 cm. aVivendo no castelo da Fera, Bela encontra um livro encantado chamado “Nunca Mais”, capaz de transportá-la para um mundo repleto de glamour, festas e mistérios. Nesse universo mágico, ela tem acesso a tudo aquilo que sempre desejou, incluindo aventuras e possibilidades que acreditava ter perdido. Entretanto, enquanto se encanta com a nova realidade, Bela começa a questionar se pode confiar nos personagens que encontra e se conseguirá retornar ao castelo e aos amigos que deixou para trás. A obra expande o universo do clássico da Disney com fantasia, romance e aventura. 0aLiteratura norte-americana. 0aFantasia. 0aContos de fadas. 0aMagia. 0aRomance juvenil. 0aFicção.